=LDR 00000nam 2200000 4500 =001 NUTBA000000000003152 =005 20140725105835.0 =006 =007 =008 =020 ##$$a 978-979-22501-2-1 =035 ##$$a 0010-071400000000340 =082 ##$$a F Rom K =090 ##$$a F Rom K $b Arp t =100 ##$$a Melissa Arps =245 ##$$a Tinkerbell and the lost treasure : Tiny adventures petualangan-petualangan kecil $c Melissa Arps =260 ##$$a Jakarta $b PT. Gramedia $c 2009 =300 ##$$a 24 hlm $b ilus $c 20 cm =850 ##$$a NBPBMAT =990 ##$$a 83298329 =990 ##$$a 21102024 =990 ##$$a 21400613/BPAP-NTB/20142014